| 000 | 00350nam a22001457a 4500 | ||
|---|---|---|---|
| 003 | OSt | ||
| 005 | 20170105103446.0 | ||
| 008 | 131203t xxu||||| |||| 00| 0 eng d | ||
| 020 | _a1-59929-435-2 | ||
| 040 | _cASAB | ||
| 100 |
_aDaniele D' Ambrosio _9365 |
||
| 245 | _aCell Migration in Inflammation and Immunity | ||
| 440 |
_v239 _9366 |
||
| 942 |
_2ddc _cBK |
||
| 999 |
_c16637 _d16637 |
||